| 000 | 01122 a2200361 4500 | ||
|---|---|---|---|
| 999 |
_c63951 _d22240 |
||
| 001 | 63951 | ||
| 003 | TR-AnTOB | ||
| 005 | 20210827001220.0 | ||
| 008 | 160429s1997 tu 000 0 | ||
| 020 | _a9757249378 | ||
| 040 |
_aTR-AnTOB _cTR-AnTOB |
||
| 041 | _atur | ||
| 050 | 0 |
_aHD5811.93.A6 _bY38 1997 |
|
| 090 | _aHD5811.93.A6 Y38 1997 | ||
| 100 |
_aYavan, Zafer Ali _936988 |
||
| 245 | 0 |
_aTürkiyede işsizlik : _byapısal ve yapısal olmayan özellikleri / _cZafer Ali Yavan. |
|
| 264 | 1 |
_aİstanbul: _bTÜSİAD, _c1997. |
|
| 300 |
_a97 s.; _c24 cm. |
||
| 336 |
_2rdacontent _atext _btxt |
||
| 337 |
_2rdamedia _aunmediated _bn |
||
| 338 |
_2rdacarrier _avolume _bnc |
||
| 490 | 0 |
_aTÜSİAD Tartışma Tebliğleri Dizisi ; _v1 |
|
| 500 | _aKaynakça s.93-96 | ||
| 590 | _a2 koopya Sn. Ahmet Şağar tarafından bağışlanmıştır. | ||
| 650 |
_918372 _aİşsizlik _zTürkiye |
||
| 650 |
_918374 _aUnemployment _zTurkey |
||
| 710 | 2 | 2 |
_aTürk Sanayicileri ve İş Adamları Derneği _918434 |
| 902 | _a0021420, 0027836 | ||
| 903 | _aMerkez Kütüphane | ||
| 942 |
_cBK _2lcc |
||
| 945 | _abs | ||